| 000 | 00606nam a2200217Ia 4500 | ||
|---|---|---|---|
| 005 | 20250117103607.0 | ||
| 008 | 008 250103s9999 xx 000 0 eng d | ||
| 020 | _a9783031197062 | ||
| 037 | _aTextual | ||
| 040 |
_aCSL _beng _cCSL |
||
| 041 |
_aeng _2eng |
||
| 084 |
_aB23:7 R3 _qCSL |
||
| 100 |
_aPapikian, Mihran _9731858 |
||
| 245 | 0 |
_aDrinfeld modules _cPapikian, Mihran |
|
| 260 |
_aSwitzerland _bSpringer _c2023 |
||
| 300 | _axxi, 526p. ill. | ||
| 650 |
_a Non-arhimedean fields _9734095 |
||
| 650 | _aMathematics | ||
| 942 |
_cTEXL _hB23:7 R3 |
||
| 999 |
_c1237828 _d1237828 |
||